[Event "FICS rated standard game"]
[Site "FICS freechess.org"]
[Date "2018.01.07"]
[Round "?"]
[White "Gschach"]
[Black "hejkal"]
[Result "0-1"]
[WhiteElo "1672"]
[BlackElo "1845"]
[PlyCount "113"]
[EventDate "2018.??.??"]

1. e4 e5 2. Nf3 Nc6 3. c3 Nf6 4. d3 d5 5. exd5 Qxd5 6. Be2 Bf5 7. h3 O-O-O 8.
O-O Bc5 9. Be3 Be7 10. Ne1 Rhg8 11. c4 Qe6 12. Qa4 Nd4 13. Bxd4 exd4 14. Bf3
Qb6 15. Qb5 Qxb5 16. cxb5 Rge8 17. a3 Bd7 18. a4 Bf5 19. g4 Be6 20. a5 Kb8 21.
a6 Bd7 22. Bxb7 Bxb5 23. Nd2 Bc5 24. Nb3 Bb6 25. Na5 Rd6 26. Nc2 Bxa5 27. Rxa5
Bxd3 28. Nb4 Bxf1 29. Kxf1 c5 30. Nc6+ Kc7 31. Rxc5 Nd7 32. Rc1 Kb6 33. Nb4 Rh6
34. Nd5+ Kb5 35. Nc7+ Kb4 36. Nxe8 Nc5 37. Nxg7 d3 38. Nf5 Re6 39. Ne3 Nxa6 40.
Bxa6 Rxa6 41. Rd1 Ra2 42. Rd2 a5 43. Rxd3 Rxb2 44. Rd1 a4 45. Ra1 Kb3 46. Nd1
Ra2 47. Rb1+ Kc2 48. Rb7 Kxd1 49. Rxf7 Rc2 50. Rxh7 a3 51. Ra7 a2 52. g5 Kd2
53. Ra6 Rc1+ 54. Kg2 a1=R 55. Rxa1 Rxa1 56. Kg3 Rg1+ 57. Kf3 {White resigns}
0-1

[Event "FICS rated blitz game"]
[Site "FICS freechess.org"]
[Date "2018.01.07"]
[Round "?"]
[White "intihuantana"]
[Black "JMarsaCZ"]
[Result "1-0"]
[WhiteElo "1953"]
[BlackElo "1880"]
[PlyCount "83"]
[EventDate "2018.??.??"]
[EventType "blitz"]

1. e4 e5 2. Nf3 Nc6 3. c3 d5 4. Qa4 dxe4 5. Nxe5 Bd7 6. Nxd7 Qxd7 7. Qxe4+ Qe7
8. Qxe7+ Ngxe7 9. d4 a6 10. Bf4 O-O-O 11. Bc4 Ng6 12. Bg3 Re8+ 13. Kd2 f6 14.
Re1 Be7 15. b4 Rhf8 16. a4 Bd8 17. Na3 Nb8 18. Be6+ Nd7 19. b5 a5 20. Nc4 b6
21. Bf5 Be7 22. Ne3 Kd8 23. c4 Rh8 24. Kd3 Bb4 25. Re2 Ne7 26. Bh3 g6 27. Nc2
Bd6 28. Bxd6 cxd6 29. Bxd7 Kxd7 30. d5 Nf5 31. Rae1 Rxe2 32. Rxe2 Ng7 33. Nd4
Re8 34. g4 Rxe2 35. Kxe2 h5 36. h3 hxg4 37. hxg4 Ke7 38. f4 f5 39. gxf5 gxf5
40. Kf3 Kf6 41. Nc6 Nh5 42. Na7 1-0

[Event "FICS rated blitz game"]
[Site "FICS freechess.org"]
[Date "2018.01.07"]
[Round "?"]
[White "jaromsal"]
[Black "titaiolo"]
[Result "0-1"]
[WhiteElo "1587"]
[BlackElo "1680"]
[PlyCount "82"]
[EventDate "2018.??.??"]
[EventType "blitz"]

1. e4 e5 2. Nf3 Nc6 3. c3 Nf6 4. Bc4 Bc5 5. d3 d5 6. Bb3 dxe4 7. Ng5 O-O 8.
Nxe4 Nxe4 9. dxe4 Qxd1+ 10. Bxd1 Be6 11. Nd2 f5 12. Bb3 Rae8 13. exf5 Rxf5 14.
Bxe6+ Rxe6 15. Ne4 Bb6 16. Ke2 Ne7 17. a4 a6 18. Rd1 c6 19. Rd7 Nd5 20. Rxb7
Re7 21. Rxe7 Nxe7 22. a5 Ba7 23. Ra4 Nd5 24. Rc4 Nf4+ 25. Kf1 Nd3 26. Bd2 Nxf2
27. Nxf2 Rxf2+ 28. Ke1 Rxg2 29. Rxc6 Bf2+ 30. Kf1 Rxh2 31. Rxa6 Bg3 32. Be3
Rxb2 33. Ra8+ Kf7 34. a6 Ra2 35. a7 Kg6 36. Rb8 Rxa7 37. Bxa7 Kf5 38. c4 e4 39.
c5 Bxb8 40. Bxb8 Ke6 41. c6 g5 0-1

[Event "FICS rated blitz game"]
[Site "FICS freechess.org"]
[Date "2018.01.07"]
[Round "?"]
[White "awitaliy"]
[Black "AXTbIPKA"]
[Result "0-1"]
[WhiteElo "1417"]
[BlackElo "1634"]
[PlyCount "102"]
[EventDate "2018.??.??"]
[EventType "blitz"]

1. e4 e5 2. Nf3 Nc6 3. c3 Nf6 4. Bd3 Bc5 5. Bc2 d6 6. h3 O-O 7. a3 Bb6 8. O-O
h6 9. d4 Re8 10. b4 exd4 11. cxd4 Nxe4 12. Qd3 Bf5 13. Qd1 Qd7 14. d5 Ne5 15.
Nd4 Bg6 16. f4 Nc4 17. f5 Bxf5 18. Kh2 Bg6 19. Nf3 Ne5 20. Bxe4 Bxe4 21. Nxe5
Rxe5 22. Bb2 Re7 23. Nc3 Bg6 24. Ne2 Rae8 25. Ng3 Qb5 26. Qd2 Qd3 27. Qxd3 Bxd3
28. Rf3 Be4 29. Nxe4 Rxe4 30. Raf1 f6 31. Rg3 Kf7 32. Bc3 Bd4 33. b5 Bxc3 34.
Rxc3 R8e7 35. Rb1 Rd4 36. Rbc1 Rxd5 37. Rxc7 Rxb5 38. Rxe7+ Kxe7 39. a4 Rb2 40.
Rc7+ Kf8 41. a5 Rb5 42. Rd7 d5 43. a6 bxa6 44. Rxa7 a5 45. g4 Kg8 46. Rd7 Kh7
47. Kg3 Kg6 48. Kf4 Rb4+ 49. Ke3 d4+ 50. Rxd4 Rxd4 51. Kxd4 Kg5 {White resigns}
0-1

[Event "FICS rated blitz game"]
[Site "FICS freechess.org"]
[Date "2018.01.07"]
[Round "?"]
[White "Robeto"]
[Black "pmiral"]
[Result "1-0"]
[WhiteElo "1571"]
[BlackElo "1558"]
[PlyCount "101"]
[EventDate "2018.??.??"]
[EventType "blitz"]

1. e4 e5 2. Nf3 Nc6 3. c3 Bc5 4. Nxe5 Nf6 5. Nxc6 bxc6 6. d4 Bb6 7. Bg5 h6 8.
Bh4 g5 9. Bg3 O-O 10. Bd3 Re8 11. Nd2 d6 12. O-O Kg7 13. f4 Bg4 14. Qb3 Be6 15.
Qc2 c5 16. d5 c4+ 17. Kh1 cxd3 18. Qxd3 Bd7 19. f5 a6 20. a4 Rb8 21. b4 Ba7 22.
Qxa6 Be3 23. Qd3 Bxd2 24. Qxd2 Nxe4 25. Qd4+ f6 26. b5 Nxg3+ 27. hxg3 Re5 28.
g4 Qe8 29. c4 Re4 30. Qc3 Rxg4 31. a5 Rh4+ 32. Kg1 Qe4 33. a6 Bxf5 34. Rae1 Qd3
35. Qxd3 Bxd3 36. Re7+ Kg6 37. a7 Ra8 38. Rxc7 Bxf1 39. Kxf1 Rf4+ 40. Ke2 Re4+
41. Kd3 Ree8 42. b6 f5 43. Rd7 f4 44. Rxd6+ Kf5 45. c5 Re3+ 46. Kd4 Re4+ 47.
Kd3 Re3+ 48. Kd4 Rae8 49. c6 R8e4+ 50. Kc5 Rc3+ 51. Kb5 1-0

[Event "FICS rated blitz game"]
[Site "FICS freechess.org"]
[Date "2018.01.07"]
[Round "?"]
[White "BiH"]
[Black "gargiulo"]
[Result "1-0"]
[WhiteElo "1658"]
[BlackElo "1625"]
[PlyCount "49"]
[EventDate "2018.??.??"]
[EventType "blitz"]

1. e4 e5 2. Nf3 Nc6 3. c3 d6 4. d4 exd4 5. cxd4 Nf6 6. Nc3 Be7 7. h3 Bd7 8. a3
O-O 9. Bd3 a6 10. b4 b5 11. O-O Re8 12. Re1 h6 13. e5 dxe5 14. dxe5 Nh7 15. Qc2
g6 16. Bxh6 Ng5 17. Bxg5 Bxg5 18. Bxg6 Bh6 19. Bh7+ Kf8 20. Nd5 Nxe5 21. Nxe5
Be6 22. Nxc7 Rc8 23. Nxe6+ Rxe6 24. Qf5 Bg7 25. Qxf7# {Black checkmated} 1-0

[Event "FICS rated blitz game"]
[Site "FICS freechess.org"]
[Date "2018.01.07"]
[Round "?"]
[White "Benkh"]
[Black "MrScrumps"]
[Result "0-1"]
[WhiteElo "941"]
[BlackElo "1220"]
[PlyCount "76"]
[EventDate "2018.??.??"]
[EventType "blitz"]

1. e4 e5 2. Nf3 Nc6 3. c3 Bc5 4. b4 Bb6 5. a4 a6 6. a5 Ba7 7. Ba3 d6 8. d3 Nf6
9. Nbd2 Bg4 10. h3 Bh5 11. g4 Nxg4 12. hxg4 Bxg4 13. Bh3 Bxh3 14. Rxh3 Qf6 15.
Qe2 O-O-O 16. O-O-O g5 17. Kb2 g4 18. Rh5 gxf3 19. Qxf3 Qxf3 20. Nxf3 Bxf2 21.
Rdh1 Be3 22. Kc2 h6 23. Rxh6 Rxh6 24. Rxh6 Bxh6 25. Bc1 Bxc1 26. Kxc1 Rg8 27.
Kc2 Rg2+ 28. Kb3 Ne7 29. d4 f5 30. exf5 e4 31. Nh4 Rf2 32. Ng6 Nxf5 33. Nf8 e3
34. Ne6 e2 35. d5 e1=Q 36. Nd4 Qd1+ 37. Kc4 Nxd4 38. cxd4 Qc2# {White
checkmated} 0-1

[Event "FICS rated blitz game"]
[Site "FICS freechess.org"]
[Date "2018.01.07"]
[Round "?"]
[White "Benkh"]
[Black "RoamingBear"]
[Result "0-1"]
[WhiteElo "938"]
[BlackElo "1262"]
[PlyCount "54"]
[EventDate "2018.??.??"]
[EventType "blitz"]

1. e4 e5 2. Nf3 Nc6 3. c3 Nf6 4. d3 Be7 5. Nbd2 O-O 6. b4 a6 7. a4 b6 8. a5
bxa5 9. bxa5 Bb7 10. Nb3 Re8 11. Ba3 d5 12. Bxe7 Qxe7 13. d4 dxe4 14. Nxe5 Nxe5
15. c4 Qb4+ 16. Nd2 Rad8 17. d5 c6 18. Be2 cxd5 19. O-O dxc4 20. f4 exf3 21.
gxf3 c3 22. Qb1 Qd4+ 23. Kg2 Qxd2 24. Ra2 Qg5+ 25. Kf2 Qh4+ 26. Kg2 Nfg4 27.
Qf5 Qxh2# {White checkmated} 0-1

[Event "FICS rated blitz game"]
[Site "FICS freechess.org"]
[Date "2018.01.07"]
[Round "?"]
[White "ChessAttack"]
[Black "lodro"]
[Result "1-0"]
[WhiteElo "1494"]
[BlackElo "1506"]
[PlyCount "67"]
[EventDate "2018.??.??"]
[EventType "blitz"]

1. e4 e5 2. Nf3 Nc6 3. c3 Bc5 4. Bd3 Nf6 5. O-O d6 6. a4 Be6 7. b4 Nxb4 8. cxb4
Bxb4 9. Bc2 Ba5 10. d3 O-O 11. Nbd2 c6 12. Ng5 Bg4 13. f3 Bd7 14. Nc4 Bc3 15.
Rb1 Rb8 16. Nxd6 Be6 17. Nxe6 Qxd6 18. Ng5 Bd4+ 19. Kh1 h6 20. Nh3 Nd7 21. f4
exf4 22. Bxf4 Be5 23. Bd2 Qd4 24. Qg4 Nf6 25. Rxf6 Bxf6 26. Bxh6 Rfe8 27. Rf1
g6 28. Bb1 Kh7 29. Bf4 g5 30. Nxg5+ Kh8 31. Nxf7+ Kh7 32. Qh5+ Kg8 33. Nh6+ Kf8
34. Qf7# {Black checkmated} 1-0

[Event "FICS rated blitz game"]
[Site "FICS freechess.org"]
[Date "2018.01.07"]
[Round "?"]
[White "BiH"]
[Black "ddaannyy"]
[Result "0-1"]
[WhiteElo "1677"]
[BlackElo "1670"]
[PlyCount "64"]
[EventDate "2018.??.??"]
[EventType "blitz"]

1. e4 e5 2. Nf3 Nc6 3. c3 Nf6 4. d4 exd4 5. e5 Ne4 6. cxd4 d5 7. Bd3 Bg4 8. Be3
Bb4+ 9. Kf1 O-O 10. a3 Ba5 11. b4 Bb6 12. Be2 f5 13. exf6 Qxf6 14. h3 Bxf3 15.
gxf3 Nd6 16. Nc3 Qf7 17. Rg1 Kh8 18. Rg5 Nf5 19. Qd3 Ncxd4 20. Bd1 Ne6 21. Rg4
Nxe3+ 22. fxe3 Qh5 23. Kg2 Ng5 24. h4 d4 25. exd4 Ne6 26. Ne2 Rad8 27. Kg3 Bxd4
28. Nxd4 Qe5+ 29. Kg2 Nf4+ 30. Rxf4 Rxf4 31. Bc2 g6 32. Re1 Qxe1 0-1

[Event "FICS rated blitz game"]
[Site "FICS freechess.org"]
[Date "2018.01.07"]
[Round "?"]
[White "BiH"]
[Black "ddaannyy"]
[Result "0-1"]
[WhiteElo "1677"]
[BlackElo "1670"]
[PlyCount "70"]
[EventDate "2018.??.??"]
[EventType "blitz"]

1. e4 e5 2. Nf3 Nc6 3. c3 Nf6 4. d4 Nxe4 5. d5 Nb8 6. Nxe5 Bc5 7. Nd3 O-O 8.
Nxc5 Nxc5 9. Be3 Re8 10. Qd4 d6 11. Nd2 Bf5 12. Be2 Nbd7 13. b4 Na4 14. O-O Ne5
15. b5 Nc5 16. Nb3 Ne4 17. f3 Nf6 18. Bg5 h6 19. Bh4 Ng6 20. Bxf6 gxf6 21. Rae1
Ne5 22. Nd2 Kh8 23. Ne4 Rg8 24. Ng3 Bg6 25. f4 Nd7 26. f5 Bh7 27. Qf4 Rg5 28.
Bd3 Ne5 29. Bc2 Qg8 30. c4 Qg7 31. a4 Rg4 32. Qf2 Qg5 33. Ne4 Qg7 34. h3 Rxe4
35. Bxe4 Nxc4 0-1

[Event "FICS rated blitz game"]
[Site "FICS freechess.org"]
[Date "2018.01.07"]
[Round "?"]
[White "mougly"]
[Black "Drbhargava"]
[Result "0-1"]
[WhiteElo "1361"]
[BlackElo "1334"]
[PlyCount "66"]
[EventDate "2018.??.??"]
[EventType "blitz"]

1. e4 e5 2. Nf3 Nc6 3. c3 Bc5 4. Be2 Nf6 5. d3 Ng4 6. O-O h5 7. b4 Bb6 8. a4 a6
9. Bb2 d6 10. c4 Nxb4 11. a5 Ba7 12. h3 Nf6 13. Nbd2 Qe7 14. d4 exd4 15. Nxd4
Nxe4 16. N2f3 O-O 17. Ba3 Nc6 18. Nxc6 bxc6 19. Bd3 Nc3 20. Qc2 Qf6 21. Bb2
Bxh3 22. Bxc3 Qf4 23. Bd2 Qg4 24. Bf5 Qxf5 25. Qxf5 Bxf5 26. Nh4 Be6 27. Kh2
Bxc4 28. Rfe1 Bxf2 29. Re7 Bxh4 30. Rxc7 Bb5 31. Kh3 Bf6 32. Bb4 c5 33. Bd2
Bxa1 {White resigns} 0-1

[Event "FICS rated blitz game"]
[Site "FICS freechess.org"]
[Date "2018.01.07"]
[Round "?"]
[White "fabiuscu"]
[Black "STROBOCHESS"]
[Result "1-0"]
[WhiteElo "1142"]
[BlackElo "1667"]
[PlyCount "39"]
[EventDate "2018.??.??"]
[EventType "blitz"]

1. e4 e5 2. Nf3 Nc6 3. c3 Nf6 4. d3 d5 5. exd5 Qxd5 6. c4 Bb4+ 7. Nc3 Qd6 8. a3
Bxc3+ 9. bxc3 O-O 10. Be2 Re8 11. O-O Bf5 12. h3 Rad8 13. Qc2 Bxd3 14. Bxd3
Qxd3 15. Qd2 Qxc4 16. Qg5 Qxc3 17. Ra2 e4 18. Nd2 Rd5 19. Qg3 Nh5 20. Qxc3 1-0

[Event "FICS rated blitz game"]
[Site "FICS freechess.org"]
[Date "2018.01.06"]
[Round "?"]
[White "fabiuscu"]
[Black "guiga"]
[Result "0-1"]
[WhiteElo "1126"]
[BlackElo "1359"]
[PlyCount "102"]
[EventDate "2018.??.??"]
[EventType "blitz"]

1. e4 e5 2. Nf3 Nc6 3. c3 d6 4. d4 exd4 5. Nxd4 Nxd4 6. cxd4 Nf6 7. f3 c6 8. h4
g6 9. g4 Bg7 10. Be3 h5 11. g5 Nh7 12. Nc3 O-O 13. f4 f6 14. Bh3 Bxh3 15. Rxh3
fxg5 16. hxg5 Qe8 17. Qf3 d5 18. e5 Qf7 19. Rg3 Qf5 20. O-O-O a5 21. Ne2 b5 22.
b3 a4 23. b4 Rfc8 24. Nc3 Bf8 25. a3 Be7 26. Rf1 Nf8 27. Qh1 Ne6 28. Qh3 Qxh3
29. Rxh3 c5 30. Nxd5 cxd4+ 31. Kd1 Re8 32. Bd2 Kf7 33. Nf6 Rec8 34. Nd5 Bf8 35.
Nb6 Bg7 36. Nxa8 Rxa8 37. f5 gxf5 38. Rxf5+ Kg6 39. Rhf3 Ra6 40. Ke2 Rc6 41.
Rf1 Rc2 42. Rc1 Rxc1 43. Bxc1 h4 44. Rf1 h3 45. Bf4 Nxf4+ 46. Rxf4 Bxe5 47. Re4
Bh2 48. Rxd4 Kxg5 49. Rd5+ Kg4 50. Rd4+ Kg3 51. Rd3+ Kg4 0-1

[Event "FICS rated blitz game"]
[Site "FICS freechess.org"]
[Date "2018.01.06"]
[Round "?"]
[White "fabiuscu"]
[Black "talpiro"]
[Result "1-0"]
[WhiteElo "1110"]
[BlackElo "1271"]
[PlyCount "73"]
[EventDate "2018.??.??"]
[EventType "blitz"]

1. e4 e5 2. Nf3 Nc6 3. c3 Nf6 4. d4 exd4 5. Nxd4 Nxe4 6. Nxc6 Qf6 7. Qe2 Qxc6
8. f3 Be7 9. Qxe4 O-O 10. Qxc6 dxc6 11. b4 Re8 12. Kf2 a5 13. a3 axb4 14. cxb4
Bxb4 15. g4 Be1+ 16. Kg2 Be6 17. Bd2 Bh4 18. h3 Bd5 19. Nc3 Bf6 20. Re1 Bxc3
21. Rxe8+ Rxe8 22. Bxc3 f6 23. h4 Kf7 24. h5 h6 25. a4 Ra8 26. a5 Re8 27. Bd3
Ke7 28. Re1+ Kd7 29. Bf5+ Kd8 30. Rxe8+ Kxe8 31. Bd3 Kd7 32. Bf5+ Kd6 33. Bb4+
c5 34. Ba3 Kc6 35. Bd3 c4 36. Bc2 Kb5 37. Bf8 {Black resigns} 1-0

[Event "FICS rated blitz game"]
[Site "FICS freechess.org"]
[Date "2018.01.06"]
[Round "?"]
[White "Kyrseesee"]
[Black "remialli"]
[Result "1-0"]
[WhiteElo "1357"]
[BlackElo "1420"]
[PlyCount "41"]
[EventDate "2018.??.??"]
[EventType "blitz"]

1. e4 e5 2. Nf3 Nc6 3. c3 Be7 4. d4 exd4 5. cxd4 d6 6. Be2 a6 7. O-O Nf6 8. Nc3
O-O 9. Be3 h6 10. h3 Bd7 11. Rc1 Re8 12. d5 Ne5 13. Nxe5 dxe5 14. Qd3 c5 15. d6
Bf8 16. Bxc5 Bc6 17. f3 Qd7 18. Rfd1 Nh7 19. Nd5 Bxd6 20. Nb6 Bxc5+ 21. Rxc5 {
Black resigns} 1-0

[Event "FICS rated blitz game"]
[Site "FICS freechess.org"]
[Date "2018.01.06"]
[Round "?"]
[White "morts"]
[Black "johannesfyn"]
[Result "0-1"]
[WhiteElo "1145"]
[BlackElo "1149"]
[PlyCount "94"]
[EventDate "2018.??.??"]
[EventType "blitz"]

1. e4 e5 2. Nf3 Nc6 3. c3 d6 4. g3 Nf6 5. d3 Be7 6. Bg2 h6 7. O-O O-O 8. Nbd2
Nh7 9. h4 f5 10. Qa4 Bd7 11. exf5 Bxf5 12. Qb3+ Kh8 13. d4 exd4 14. cxd4 Rb8
15. d5 Na5 16. Qa4 b6 17. b4 Nb7 18. b5 Ra8 19. Bb2 Nc5 20. Qd4 Rg8 21. Nb3 Bf6
22. Qf4 Bxb2 23. Rab1 Bf6 24. Qxf5 Nxb3 25. axb3 Qc8 26. Qf4 Rf8 27. Qd2 Qd7
28. Qd3 Rfe8 29. Kh2 Qe7 30. Qc4 Rac8 31. Bh3 Rb8 32. Qc6 Qd8 33. g4 Nf8 34. g5
hxg5 35. hxg5 Be5+ 36. Kg2 g6 37. Qc1 Nd7 38. Rh1 Kg7 39. Be6 Nf8 40. Nxe5 dxe5
41. Qc3 Nxe6 42. dxe6 Qd5+ 43. f3 Rbd8 44. Rbd1 Qc5 45. Qb2 Rd6 46. b4 Qxb5 47.
Qe2 Qxe2+ {White resigns} 0-1

[Event "FICS rated blitz game"]
[Site "FICS freechess.org"]
[Date "2018.01.06"]
[Round "?"]
[White "morts"]
[Black "Imz"]
[Result "0-1"]
[WhiteElo "1130"]
[BlackElo "1184"]
[PlyCount "42"]
[EventDate "2018.??.??"]
[EventType "blitz"]

1. e4 e5 2. Nf3 Nc6 3. c3 Bc5 4. g3 Nf6 5. d3 Ng4 6. d4 exd4 7. cxd4 Qe7 8. Bd3
Bxd4 9. Nxd4 Nxd4 10. Qxg4 d5 11. O-O Bxg4 12. exd5 Be2 13. Re1 Nf3+ 14. Kg2
Nxe1+ 15. Kh3 Bxd3 16. Bf4 Nc2 17. d6 cxd6 18. Nc3 Nxa1 19. Nd5 Bf5+ 20. Kg2
Qe4+ 21. f3 Qxd5 {White resigns} 0-1

[Event "FICS rated blitz game"]
[Site "FICS freechess.org"]
[Date "2018.01.06"]
[Round "?"]
[White "proximab"]
[Black "Geforce"]
[Result "1-0"]
[WhiteElo "1989"]
[BlackElo "2108"]
[PlyCount "61"]
[EventDate "2018.??.??"]
[EventType "blitz"]

1. e4 e5 2. Nf3 Nc6 3. c3 d6 4. Qb3 h6 5. Bc4 Qd7 6. O-O Na5 7. Qb5 Nxc4 8.
Qxc4 Nf6 9. d4 Ng4 10. h3 h5 11. hxg4 hxg4 12. Nh2 f6 13. Be3 g5 14. f3 g3 15.
Ng4 Qg7 16. dxe5 Be7 17. Nxf6+ Bxf6 18. Rd1 Bxe5 19. Qb5+ Bd7 20. Qxb7 Ke7 21.
Qxc7 Rac8 22. Qxa7 Ra8 23. Qc7 Rac8 24. Qa7 Ra8 25. Qc7 Rac8 26. Qa5 Ra8 27.
Qd5 Be6 28. Qb7+ Bd7 29. Qd5 Be6 30. Qb7+ Bd7 31. Bb6 1-0

[Event "FICS rated blitz game"]
[Site "FICS freechess.org"]
[Date "2018.01.06"]
[Round "?"]
[White "LVVO"]
[Black "shrjyasheng"]
[Result "1-0"]
[WhiteElo "1457"]
[BlackElo "1302"]
[PlyCount "69"]
[EventDate "2018.??.??"]
[EventType "blitz"]

1. e4 Nc6 2. Nf3 e5 3. c3 a6 4. Bc4 Nf6 5. d3 h6 6. O-O Bc5 7. b4 Ba7 8. h3 d6
9. Bb3 Ne7 10. Nh4 g5 11. Nf5 Nxf5 12. exf5 Bxf5 13. Be3 b6 14. g4 Bd7 15. d4
e4 16. c4 Qc8 17. c5 bxc5 18. dxc5 Bxg4 19. Ba4+ Ke7 20. hxg4 Nxg4 21. Qd5 Qe6
22. cxd6+ cxd6 23. Qxe6+ fxe6 24. Bxa7 Rxa7 25. Nc3 Rb7 26. a3 Ne5 27. Nxe4
Nf3+ 28. Kh1 Rc7 29. Rac1 Rhc8 30. Rxc7+ Rxc7 31. Kg2 Nh4+ 32. Kg3 Nf5+ 33. Kg4
Rc4 34. Kf3 Nd4+ 35. Ke3 1-0

[Event "FICS rated standard game"]
[Site "FICS freechess.org"]
[Date "2018.01.06"]
[Round "?"]
[White "FyFazan"]
[Black "caryoscelus"]
[Result "0-1"]
[WhiteElo "1637"]
[BlackElo "1805"]
[PlyCount "90"]
[EventDate "2018.??.??"]

1. e4 e5 2. Nf3 Nc6 3. c3 a6 4. d4 exd4 5. Nxd4 Nge7 6. Bg5 f6 7. Bh4 Ne5 8.
Be2 c5 9. Bh5+ N5g6 10. Nf5 Kf7 11. Qb3+ d5 12. O-O Nxf5 13. exf5 Bxf5 14.
Qxb7+ Be7 15. Re1 Re8 16. Nd2 Kg8 17. Bg3 Qd7 18. Qb3 c4 19. Qd1 Bc5 20. Rxe8+
Rxe8 21. Nf3 Re7 22. Nd4 Ne5 23. Nxf5 Qxf5 24. Qxd5+ Qe6 25. Qxc5 g6 26. Bf3
Nd3 27. Qe3 Qxe3 28. fxe3 Rxe3 29. Bd5+ Kg7 30. Bxc4 Nxb2 31. Bxa6 Rxc3 32. Rb1
Na4 33. Rb7+ Kh6 34. Bf4+ g5 35. Bd2 Rc2 36. Rd7 Rxa2 37. Bb4 Nb6 38. Rb7 Rxa6
39. Bf8+ Kg6 40. Bc5 Nd5 41. h3 Nf4 42. Kh2 Ra2 43. Rb4 Rxg2+ 44. Kh1 Rc2 45.
Rb3 Rxc5 {White resigns} 0-1

[Event "FICS rated blitz game"]
[Site "FICS freechess.org"]
[Date "2018.01.06"]
[Round "?"]
[White "RADACK"]
[Black "AndrewAJ"]
[Result "0-1"]
[WhiteElo "1633"]
[BlackElo "1614"]
[PlyCount "68"]
[EventDate "2018.??.??"]
[EventType "blitz"]

1. e4 e5 2. Nf3 Nc6 3. c3 Bc5 4. b4 Bb6 5. b5 Na5 6. d4 exd4 7. cxd4 d6 8. h3
h6 9. Be3 Nf6 10. Bd3 c5 11. Nbd2 O-O 12. O-O c4 13. Nxc4 Nxc4 14. Bxc4 Nxe4
15. Qc2 d5 16. Bd3 Bf5 17. Ne5 Rc8 18. Qb3 Rc3 19. Qb1 Nd2 20. Bxd2 Rxd3 21.
Nxd3 Bxd4 22. Qb3 Bxa1 23. Rxa1 Qf6 24. Re1 Be4 25. Nc5 Bf5 26. Qf3 Rd8 27. Bc3
Qg6 28. Nxb7 Rb8 29. Nd6 Be6 30. Rxe6 fxe6 31. Qe3 Qb1+ 32. Kh2 Qg6 33. Qe5 Rf8
34. f3 Rf6 0-1

[Event "FICS rated blitz game"]
[Site "FICS freechess.org"]
[Date "2018.01.06"]
[Round "?"]
[White "sirbastl"]
[Black "bkaiser"]
[Result "1-0"]
[WhiteElo "1079"]
[BlackElo "1141"]
[PlyCount "103"]
[EventDate "2018.??.??"]
[EventType "blitz"]

1. e4 e5 2. Nf3 Nc6 3. c3 Bc5 4. b4 Bb6 5. a4 a6 6. a5 Ba7 7. b5 axb5 8. Bxb5
Nce7 9. Nxe5 c6 10. Qf3 f6 11. Qh5+ g6 12. Nxg6 Nxg6 13. Bc4 N8e7 14. e5 fxe5
15. O-O d5 16. Bd3 e4 17. Be2 Qd6 18. d4 exd3 19. Bxd3 Be6 20. Bh6 O-O-O 21.
Bg7 Rhg8 22. Bf6 Rde8 23. Qxh7 Bf5 24. Bxf5+ Nxf5 25. a6 bxa6 26. Qxa7 Qxf6 27.
Qxa6+ Kd7 28. Qb7+ Kd6 29. Qb4+ Kd7 30. Ra7+ Ke6 31. Re1+ Ne5 32. Qb6 Ne7 33.
Nd2 Rb8 34. Qc7 Rgd8 35. f4 Qxf4 36. Qxe7+ Kf5 37. Rf1 Qxf1+ 38. Kxf1 Rf8 39.
Qh7+ Kg4+ 40. Kg1 Kf4 41. Qh4+ Ke3 42. Nf1+ Kd3 43. Ra3 Nc4 44. Qg3+ Kc2 45.
Ra2+ Nb2 46. Ne3+ Kb3 47. Ra1 Kxc3 48. Nd1+ Kc2 49. Nxb2 Kxb2 50. Ra3 Rf1+ 51.
Kxf1 Rb4 52. Qb3+ 1-0

[Event "FICS rated blitz game"]
[Site "FICS freechess.org"]
[Date "2018.01.06"]
[Round "?"]
[White "drjineshm"]
[Black "samdomagala"]
[Result "1-0"]
[WhiteElo "1545"]
[BlackElo "1542"]
[PlyCount "121"]
[EventDate "2018.??.??"]
[EventType "blitz"]

1. e4 e5 2. Nf3 Nc6 3. c3 d6 4. d4 exd4 5. cxd4 Bg4 6. Be2 Bxf3 7. Bxf3 Qf6 8.
Be3 Be7 9. Nc3 O-O-O 10. O-O h5 11. Nd5 Qe6 12. Bxh5 Rxh5 13. Qxh5 Nf6 14.
Nxe7+ Nxe7 15. Qf3 Qxe4 16. Qxe4 Nxe4 17. f3 Nf6 18. Bg5 Ned5 19. Bxf6 Nxf6 20.
Rfe1 Nd5 21. Rac1 Nf4 22. Re7 Rd7 23. Rxd7 Kxd7 24. Rd1 Kc6 25. g3 Ne6 26. Kf2
Kd5 27. Ke3 b5 28. Rc1 a6 29. b3 g5 30. h4 gxh4 31. gxh4 c5 32. dxc5 dxc5 33.
h5 f5 34. h6 Ng5 35. Rh1 Ke5 36. h7 f4+ 37. Kf2 Nf7 38. h8=Q+ Nxh8 39. Rxh8 c4
40. Re8+ Kd4 41. Re4+ Kc3 42. bxc4 bxc4 43. Rxf4 Kb4 44. Ke2 a5 45. Kd2 Kc5 46.
Kc2 a4 47. Kc3 Kb5 48. Rxc4 Kb6 49. Rxa4 Kb5 50. Rc4 Kb6 51. Kb4 Kb7 52. f4 Kb6
53. f5 Kb7 54. f6 Kb8 55. f7 Ka7 56. f8=Q Kb7 57. Qf5 Kb6 58. Rg4 Kc6 59. Rg6+
Kc7 60. Qf7+ Kc8 61. Rg8# {Black checkmated} 1-0

[Event "FICS rated blitz game"]
[Site "FICS freechess.org"]
[Date "2018.01.06"]
[Round "?"]
[White "jsssstplayinn"]
[Black "KandinSki"]
[Result "1-0"]
[WhiteElo "1630"]
[BlackElo "1525"]
[PlyCount "61"]
[EventDate "2018.??.??"]
[EventType "blitz"]

1. e4 e5 2. Nf3 Nc6 3. c3 d5 4. exd5 Qxd5 5. Be2 Nf6 6. O-O Bg4 7. c4 Qd8 8. d3
Bc5 9. Bg5 O-O 10. Nc3 Re8 11. Nd5 Be7 12. Nxe7+ Qxe7 13. Nd2 Bxe2 14. Qxe2 h6
15. Bh4 Nd4 16. Qd1 Rad8 17. Ne4 g5 18. Nxf6+ Qxf6 19. Bg3 c5 20. Re1 Qf5 21.
Re4 h5 22. Qxh5 Re6 23. Rae1 Kg7 24. Bxe5+ Rxe5 25. Rxe5 Qh7 26. Rxg5+ Kh8 27.
Qg4 Ne6 28. Rh5 Rg8 29. Rxh7+ Kxh7 30. Qh5+ Kg7 31. Re3 1-0

[Event "FICS rated blitz game"]
[Site "FICS freechess.org"]
[Date "2018.01.06"]
[Round "?"]
[White "pokernut"]
[Black "gediminasb"]
[Result "0-1"]
[WhiteElo "1157"]
[BlackElo "1442"]
[PlyCount "28"]
[EventDate "2018.??.??"]
[EventType "blitz"]

1. e4 e5 2. Nf3 Nc6 3. c3 Nf6 4. Bd3 d5 5. Qe2 dxe4 6. Bxe4 Nxe4 7. Qxe4 f5 8.
Qc4 e4 9. Nd4 Nxd4 10. cxd4 Qd6 11. O-O Be6 12. Qc3 O-O-O 13. Na3 Qxd4 14. Qh3
Bxa3 {White resigns} 0-1

[Event "FICS rated blitz game"]
[Site "FICS freechess.org"]
[Date "2018.01.06"]
[Round "?"]
[White "proximab"]
[Black "wahoonc"]
[Result "1-0"]
[WhiteElo "1984"]
[BlackElo "1421"]
[PlyCount "87"]
[EventDate "2018.??.??"]
[EventType "blitz"]

1. e4 e5 2. Nf3 Nc6 3. c3 d6 4. Bc4 Be7 5. Qb3 Nh6 6. d4 Na5 7. Qa4+ Nc6 8. d5
Bd7 9. dxc6 Bxc6 10. Bb5 Qd7 11. Bxc6 bxc6 12. h3 Ng8 13. O-O Nf6 14. Rd1 O-O
15. Nxe5 Qe6 16. Nxc6 Rfe8 17. Nd2 Bf8 18. Nd4 Qe5 19. N4f3 Qh5 20. Qc4 Rac8
21. a3 Nd7 22. Ra2 Qg6 23. Nh4 Qf6 24. Nhf3 Ne5 25. Nxe5 Qxe5 26. Qd4 Qxd4 27.
cxd4 Be7 28. Nb1 Bf6 29. Nc3 c5 30. Be3 cxd4 31. Bxd4 Bxd4 32. Rxd4 a6 33. Rxd6
a5 34. Rd5 Ra8 35. f4 Reb8 36. g4 h6 37. Kg2 Kf8 38. f5 a4 39. Rd4 Ra7 40. Rxa4
Rab7 41. b4 Rc7 42. Nd5 Rc1 43. Rf2 f6 44. Ra7 1-0

[Event "FICS rated blitz game"]
[Site "FICS freechess.org"]
[Date "2018.01.06"]
[Round "?"]
[White "feroze"]
[Black "desenchufado"]
[Result "0-1"]
[WhiteElo "1478"]
[BlackElo "1248"]
[PlyCount "36"]
[EventDate "2018.??.??"]
[EventType "blitz"]

1. e4 e5 2. Nf3 Nc6 3. c3 d5 4. Qa4 dxe4 5. Nxe5 Bd7 6. Qxe4 Nxe5 7. Qxe5+ Qe7
8. Qxe7+ Bxe7 9. d4 O-O-O 10. Bf4 g5 11. Be3 f5 12. g3 Bc6 13. Rg1 Nf6 14. h3
Nd5 15. Nd2 f4 16. gxf4 gxf4 17. c4 fxe3 18. cxd5 exd2+ {White resigns} 0-1